Dimensiones y configuraciones en la relación educación y sociedad / (Registro nro. 93579)
[ vista simple ]
| 000 -LEADER | |
|---|---|
| campo de control de longitud fija | 02203nam a2200517 i 4500 |
| 001 - NÚMERO DE CONTROL | |
| campo de control | 93579 |
| 003 - IDENTIFICADOR DE NÚMERO DE CONTROL | |
| campo de control | FINmELB |
| 005 - FECHA Y HORA DE LA ÚLTIMA TRANSACCIÓN | |
| campo de control | 20241217172218.0 |
| 006 - CÓDIGOS DE INFORMACIÓN DE LONGITUD FIJA--CARACTERÍSTICAS DEL MATERIAL ADICIONAL | |
| campo de control de longitud fija | m o u |
| 007 - CAMPO FIJO DE DESCRIPCIÓN FÍSICA--INFORMACIÓN GENERAL | |
| campo de control de longitud fija | cr cn||||||||| |
| 008 - DATOS DE LONGITUD FIJA--INFORMACIÓN GENERAL | |
| campo de control de longitud fija | 221128s2017 ck ob 000 0 spa d |
| 020 ## - NÚMERO INTERNACIONAL ESTÁNDAR DEL LIBRO | |
| Número Internacional Estándar del Libro | 9789585400122 |
| Información calificativa | eBook |
| 020 ## - NÚMERO INTERNACIONAL ESTÁNDAR DEL LIBRO | |
| Número Internacional Estándar del Libro | 958540012X |
| Información calificativa | eBook |
| 020 ## - NÚMERO INTERNACIONAL ESTÁNDAR DEL LIBRO | |
| ISBN cancelado o inválido | 9789585400115 |
| 020 ## - NÚMERO INTERNACIONAL ESTÁNDAR DEL LIBRO | |
| ISBN cancelado o inválido | 9585400111 |
| 035 ## - NÚMERO DE CONTROL DEL SISTEMA | |
| Número de control de sistema | (OCoLC)1355705354 |
| 040 ## - FUENTE DE CATALOGACIÓN | |
| Centro catalogador/agencia de origen | FINmELB |
| Lengua de catalogación | spa |
| Normas de descripción | rda |
| Centro/agencia transcriptor | FINmELB |
| 043 ## - CÓDIGO DE ÁREA GEOGRÁFICA | |
| Código de área geográfica | s-ck--- |
| 050 14 - SIGNATURA TOPOGRÁFICA DE LA BIBLIOTECA DEL CONGRESO | |
| Número de clasificación | LC191.8.C7 |
| Número de ítem | D564 2017 |
| 080 ## - NÚMERO DE LA CLASIFICACIÓN DECIMAL UNIVERSAL | |
| Número de la Clasificación Decimal Universal | 378 |
| 082 04 - NÚMERO DE LA CLASIFICACIÓN DECIMAL DEWEY | |
| Número de clasificación | 378.007 |
| Información de edición | 23 |
| 245 00 - MENCIÓN DEL TÍTULO | |
| Título | Dimensiones y configuraciones en la relación educación y sociedad / |
| Mención de responsabilidad, etc. | editores, Carmen Amalia Camacho Sanabria, Myriam Alba Zapata Jiménez, Amparo Novoa Palacios, Mario Ramírez-Orozco, Wilson Acosta Valdeleón. |
| 250 ## - MENCION DE EDICION | |
| Mención de edición | Primera edición. |
| 264 #1 - PRODUCCIÓN, PUBLICACIÓN, DISTRIBUCIÓN, FABRICACIÓN Y COPYRIGHT | |
| Producción, publicación, distribución, fabricación y copyright | Bogota, D.C. : |
| Nombre del de productor, editor, distribuidor, fabricante | Universidad de La Salle, Doctorado en Educación y Sociedad, |
| Fecha de producción, publicación, distribución, fabricación o copyright | [2017] |
| 300 ## - DESCRIPCIÓN FÍSICA | |
| Extensión | 1 recurso en línea |
| 336 ## - TIPO DE CONTENIDO | |
| Término de tipo de contenido | texto |
| Código de tipo de contenido | txt |
| Fuente | rdacontent/spa |
| 337 ## - TIPO DE MEDIO | |
| Nombre/término del tipo de medio | computadora |
| Código del tipo de medio | c |
| Fuente | rdamedia/spa |
| 338 ## - TIPO DE SOPORTE | |
| Nombre/término del tipo de soporte | recurso en línea |
| Código del tipo de soporte | cr |
| Fuente | rdacarrier/spa |
| 490 1# - MENCIÓN DE SERIE | |
| Mención de serie | Colección Voces ; |
| Designación de volumen o secuencia | 1 |
| 504 ## - NOTA DE BIBLIOGRAFÍA, ETC. | |
| Nota de bibliografía, etc. Nota | Incluye referencias bibliográficas. |
| 588 ## - NOTA DE FUENTE DE LA DESCRIPCIÓN | |
| Nota de fuente de la descripción | Descripción basada en metadatos suministrados por el editor y otras fuentes. |
| 590 ## - NOTA LOCAL (RLIN) | |
| Nota local | Recurso electrónico. Santa Fe, Arg.: elibro, 2022. Disponible vía World Wide Web. El acceso puede estar limitado para las bibliotecas afiliadas a elibro. |
| 610 24 - PUNTO DE ACCESO ADICIONAL DE MATERIA--NOMBRE DE ENTIDAD CORPORATIVA | |
| Nombre de entidad corporativa o nombre de jurisdicción como elemento de entrada | Universidad de La Salle (Bogotá, Colombia) |
| Subdivisión general | Investigaciones. |
| 650 #4 - PUNTO DE ACCESO ADICIONAL DE MATERIA--TÉRMINO DE MATERIA | |
| Término de materia o nombre geográfico como elemento de entrada | Educación superior |
| Subdivisión general | Investigaciones |
| Subdivisión geográfica | Colombia. |
| 650 #4 - PUNTO DE ACCESO ADICIONAL DE MATERIA--TÉRMINO DE MATERIA | |
| Término de materia o nombre geográfico como elemento de entrada | Formación profesional |
| Subdivisión general | Investigaciones |
| Subdivisión geográfica | Colombia. |
| 650 #4 - PUNTO DE ACCESO ADICIONAL DE MATERIA--TÉRMINO DE MATERIA | |
| Término de materia o nombre geográfico como elemento de entrada | Educación |
| Subdivisión general | Investigaciones |
| Subdivisión geográfica | Colombia. |
| 655 #4 - TERMINO DE INDIZACIÓN--GENERO/FORMA | |
| Datos o término principal de género/forma | Libros electrónicos. |
| 700 1# - ENTRADA AGREGADA--NOMBRE PERSONAL | |
| Nombre de persona | Camacho Sanabria, Carmen Amalia, |
| Término indicativo de función/relación | editor. |
| 700 1# - ENTRADA AGREGADA--NOMBRE PERSONAL | |
| Nombre de persona | Zapata Jiménez, Myriam Alba, |
| Término indicativo de función/relación | editor. |
| 700 1# - ENTRADA AGREGADA--NOMBRE PERSONAL | |
| Nombre de persona | Novoa Palacios, Amparo, |
| Término indicativo de función/relación | editor. |
| 700 1# - ENTRADA AGREGADA--NOMBRE PERSONAL | |
| Nombre de persona | Ramírez-Orozco, Mario, |
| Término indicativo de función/relación | editor. |
| 700 1# - ENTRADA AGREGADA--NOMBRE PERSONAL | |
| Nombre de persona | Acosta Valdeleón, Wilson, |
| Término indicativo de función/relación | editor. |
| 797 2# - PUNTO DE ACCESO ADICIONAL LOCAL--NOMBRE DE ENTIDAD CORPORATIVA (RLIN) | |
| Nombre de entidad corporativa o nombre de jurisdicción como elemento de entrada | elibro, Corp. |
| 830 #0 - PUNTO DE ACCESO ADICIONAL DE SERIE-TÍTULO UNIFORME | |
| Título uniforme | Colección Voces (Universidad de La Salle (Bogotá, Colombia)) ; |
| Designación de volumen o secuencia | 1. |
| 856 40 - LOCALIZACIÓN Y ACCESO ELECTRÓNICOS | |
| Identificador Uniforme de Recurso | <a href="https://elibro.net/ereader/politecnicointernacional/216229">https://elibro.net/ereader/politecnicointernacional/216229</a> |
No hay ítems disponibles.